Normal view MARC view

Entry Topical Term

Number of records used in: 1

001 - CONTROL NUMBER

  • control field: 16913

003 - CONTROL NUMBER IDENTIFIER

  • control field: OSt

005 - DATE AND TIME OF LATEST TRANSACTION

  • control field: 20260601143340.0

008 - FIXED-LENGTH DATA ELEMENTS

  • fixed length control field: 260601|| aca||aabn | a|a d

040 ## - CATALOGING SOURCE

  • Original cataloging agency: OSt
  • Transcribing agency: OSt

150 ## - HEADING--TOPICAL TERM

  • Topical term or geographic name entry element: Student retention

670 ## - SOURCE DATA FOUND

  • Source citation: Work cat.: (OSt)6204: Catacutan, Alma Cora M., author 5777, Performance predictors of college freshmen in Foundation University during the school year 1983-1984 / , 1984.